| 000 | 01073nam a2200277Ia 4500 | ||
|---|---|---|---|
| 003 | OSt | ||
| 005 | 20221005112018.0 | ||
| 006 | a|||||r|||| 00| 0 | ||
| 007 | ta | ||
| 008 | 221004b |||||||| |||| 00| 0 san d | ||
| 020 |
_a9789381189290 (hbk) _c1000 |
||
| 024 | _a22630 | ||
| 037 |
_b63, 27/01/2015, Motilal Banarsidass Publishers Pvt. Ltd. _cTextual |
||
| 040 |
_aCRL _cCRL _bsan |
||
| 041 |
_2san _asan |
||
| 082 | _aR66xH50,1, 152Q4 | ||
| 100 | _aविद्यारणय | ||
| 245 | 0 | _aपन्चदशी | |
| 246 | _aPanchadashī | ||
| 260 |
_aवाराणसी _bभारतीय विद्या संस्थान भारत _c2014 |
||
| 300 |
_a742पृ0 _ccm. |
||
| 650 | _aभारतीय दर्शन | ||
| 700 | _a शर्मा, श्रीनिवास, संपा. | ||
| 942 |
_hR66xH50,1, 152Q4 _cTEXL _2cc |
||
| 999 |
_c1023559 _d1023559 |
||